1083 1934 1919 1907 1301 1348 1597 1015 1455 1416 1890 1745 1416 1526 1778 1033 1743 1620 1704 1197 1504 1169 1458 1318 1732 1995 1166 1117 1735 1231 1909 1374 1231 1313 1521 1940 1055 1125 1294 1426 1179 1647 1160 1927 1408 1407 1422 1969 1777 1588 1792 1323 1637 1360 1894 1957 1207 1417 1368 1262 1502 1093 1452 1578 1343 1526 1694 1982 1298 1261 1128 1264 1822 1704 1025 1967 1636 1452 1122 1316 1195 1600 1691 1219 1924 1181 1698 1388 1126 1711 1058 1680 1738 1783 1161 1325 1942 1247 1506 BCNSPRNW ULIB Ver.6.0+V

เปลี่ยนเป็นภาษาไทย

Change to English
 แสดงรายละเอียดบรรณานุกรม
  กลับหน้าหลัก

Brief Record : Get Marc (ISO 2709) : E-mail record : QR code < ปิดหน้าต่าง
LEADER : 00000nam 2200000uu 4500
001    13399121412
003     ULIB
008    121118s2550||||th 000 0 tha d
020    ^a9789744896230
050  4 ^aQA76.76^bบ111ห
100 0  ^aบอกอ Saiias
245 00 ^aหัดใช้ Windows Vista /^cบอกอ Saiias
250    ^aพิมพ์ครั้งที่ 1
260    ^aกรุงเทพฯ :^bซัคเซส มีเดีย,^c2550
300    ^a258 หน้า :^bภาพประกอบ
650  7 ^aWindows Vista
945    ^p99^l0^i16674
995    ^aวิภา
999 ^a ทศพร
รายการนี้ยังไม่มีแท็ก
คุณยังไม่ได้ล็อกอิน คุณสามารถมีกิจกรรมร่วมกับเว็บไซต์ได้ แต่ต้องล็อกอินก่อน ::
  ล็อกอิน

รายการสื่อสารสนเทศ

ลำดับที่ ประเภท เลขเรียก/บาร์โค้ด สถานที่ สถานะ
1. วิทยาศาสตร์การแพทย์ และสุขภาพ
วิทยาศาสตร์การแพทย์ และสุขภาพ
QA76.76 บ111ห  
  Barcode: 16674
ห้องสมุดวิทยาเขตสวรรค์ประชารักษ์
►หนังสือทั่วไป
บนชั้น

รายการใกล้เคียง
    ผู้แต่ง [บอกอ Saiias]

    หัวเรื่อง [Windows Vista]

BibComment


ยังไม่เคยถูกคอมเมนท์

คอมเมนท์ทรัพยากรรายการนี้
  คอมเมนท์: หัดใช้ Windows V..


 Copyright 2026. Bcnsprnw @Library